| 000 | 00764nam a2200181Ia 4500 | ||
|---|---|---|---|
| 008 | 100920s9999 xx 000 0 und d | ||
| 082 |
_b83997 _a150 न 03 |
||
| 100 | _aचितळे कला /पुरंदरे संपदा / अभ्यंकर अंजली. | ||
| 245 | _aमनाचे आरोग्य आणि पुष्प औषधी. | ||
| 260 |
_bअंजली पब्लिशिंग हाऊस, पुणे 30. _c2003 |
||
| 300 |
_a132 _bसाधी |
||
| 365 | _b40 | ||
| 520 | _aशाउ. | ||
| 630 | _aमनाचे आरोग्य आणि पुष्प औषधी. | ||
| 650 | _aशाउ. | ||
| 730 | _aमनाचे आरोग्य आणि पुष्प औषधी. | ||
| 942 | _cBOOK | ||
| 999 |
_c724592 _d724589 |
||